Statistics for Primeira Liga Winners

Click here to take the quiz!

General Stats

  • This quiz has been taken 124 times
  • The average score is 4 of 5

Answer Stats

TitlesClub% Correct
36SL Benfica
100%
27FC Porto
99%
18Sporting CP
99%
1Boavista FC
68%
1CF Os Belenenses
48%

Score Distribution

Percentile by Number Answered

Percent of People with Each Score

Your Score History

You have not taken this quiz